000
00331nam a2200169Ia 4500
100
_a
Rao/M.S
650
_a
Leadership
942
_c
BK
366
_f
20
654
_a
leadership
245
_a
Secrets of your leadership success
260
_b
SPD
_c
2012
082
_b
RAO
300
_a
182
546
_a
ENGLISH
999
_c
30444
_d
30444